Le grandi battaglie dell'età moderna - Statistics

Statistiche generali
  • Questo quiz è stato fatto 44 volte
  • Il punteggio medio è 9 su 37
Statistiche sulle risposte
Data Guerra Battaglia % Corretto
7 ottobre 1571 Guerre ottomane Battaglia di Lepanto
83%
6 maggio 1527 Guerre d'Italia Sacco di Roma
65%
27 settembre - 14 ottobre 1529 Guerre austro-turche Primo assedio di Vienna
61%
14 luglio - 12 settembre 1683 Guerre austro-turche Secondo assedio di Vienna
61%
19 settembre - 17 ottobre 1777 Guerra d'indipendenza americana Battaglia di Saratoga
52%
24 febbraio 1525 Guerre d'Italia Battaglia di Pavia
48%
6 luglio 1495 Guerre d'Italia Battaglia di Fornovo
39%
8 luglio 1709 Grande guerra del Nord Battaglia di Poltava
39%
8 novembre 1620 Guerra dei Trent'anni Battaglia della Montagna Bianca
35%
30 settembre - 19 ottobre 1781 Guerra d'indipendenza americana Battaglia di Yorktown
35%
22 maggio 1666 - 23 agosto 1669 Guerre ottomano-veneziane Assedio di Candia
30%
27 giugno 1627 - 28 ottobre 1628 Guerre di religione in Francia Assedio di La Rochelle
26%
dicembre 1520 - agosto 1521 Conquista spagnola del Messico Assedio di Tenochtitlan
26%
29 luglio 1588 Guerra anglo-spagnola Battaglia della Manica
26%
14 giugno 1645 Guerra civile inglese Battaglia di Naseby
26%
17 settembre 1631 Guerra dei Trent'anni Battaglia di Breitenfeld
22%
16 novembre 1632 Guerra dei Trent'anni Battaglia di Lutzen
22%
11 aprile 1512 Guerre d'Italia Battaglia di Ravenna
22%
18 maggio - 7 settembre 1565 Guerre ottomane Grande assedio di Malta
22%
2 luglio 1644 Guerra civile inglese Battaglia di Marston Moor
17%
Settembre 1584 - agosto 1585 Guerra degli Ottant'anni Assedio di Anversa
13%
2 luglio 1600 Guerra degli Ottant'anni Battaglia delle Dune
13%
16 aprile 1746 Seconda rivolta giacobita Battaglia di Culloden
13%
24 aprile 1547 Guerra di Smalcalda Battaglia di Muhlberg
13%
13 settembre 1759 Guerra dei Sette anni Battaglia di Quebec
13%
26 giugno 1522 - 2 gennaio 1523 Guerre ottomane Assedio di Rodi
9%
11 luglio 1690 Prima rivolta giacobita Battaglia del Boyne
9%
4 agosto 1578 Guerre portoghesi-marocchine Battaglia di Alcazarquivir
9%
16 novembre 1529 Conquista spagnola del Perù Battaglia di Cajamarca
9%
12 agosto 1759 Guerra dei Sette anni Battaglia di Kunersdorf
9%
5 dicembre 1757 Guerra dei Sette anni Battaglia di Leuthen
9%
15 agosto 1760 Guerra dei Sette anni Battaglia di Liegnitz
9%
5 novembre 1757 Guerra dei Sette anni Battaglia di Rossbach
9%
21 marzo - 9 aprile 1500 Guerre d'Italia Assedio di Novara
4%
28 aprile 1503 Guerre d'Italia Battaglia di Cerignola
4%
10 aprile 1741 Prima guerra di Slesia Battaglia di Mollwitz
4%
16 maggio 1643 Guerra civile inglese Battaglia di Stratton
4%
Nessun quiz corrispondente trovato
Distribuzione punteggi
Percentuale di utenti per punteggio
Percentile per numero di risposta
I tuoi punteggi nel tempo
Non hai fatto questo quiz